| 000 | 00439nam a22001817a 4500 | ||
|---|---|---|---|
| 005 | 20251108175310.0 | ||
| 008 | 250721s1983 xx 000 0 fre d | ||
| 020 | _a413526402 | ||
| 082 | 1 | 4 | _a306.85/SKY |
| 100 | 1 | _askynner, robin | |
| 245 | 1 | 0 | _aFamilies and how to Survive Them / |
| 264 | 1 |
_alondon : _bmethuen, _c1983. |
|
| 300 | _a302 P. | ||
| 650 | 1 | 7 | _aFAMILY |
| 700 | 1 | _aCLEESE, JOHN | |
| 942 |
_2ddc _cBK |
||
| 999 |
_c130884 _d130884 |
||